|
|
|
|
| LEADER |
00000nam a2200000Ii 4500 |
| 001 |
DIGUNIMAG0012 |
| 003 |
NyNyDIG |
| 006 |
m o d |
| 007 |
cr ||||||||||| |
| 008 |
200810s2017 ck ob 000 0 spa d |
| 035 |
|
|
|a (OCoLC)1040529016
|
| 040 |
|
|
|a DGITA
|b eng
|e rda
|e pn
|c DGITA
|
| 020 |
|
|
|a 9789587460988
|q digital
|
| 020 |
|
|
|a 9587460987
|q digital
|
| 020 |
|
|
|z 9789587460971
|q impreso
|
| 020 |
|
|
|z 9587460979
|q impreso
|
| 050 |
1 |
4 |
|a HB178.5 ebook
|
| 082 |
0 |
4 |
|a 338.5
|
| 100 |
1 |
|
|a Anaya Campo, Alexander de Jesús,
|e author.
|
| 245 |
1 |
0 |
|a Microeconomía intermedia :
|b conductas del consumidor y productor en los diferentes mercados /
|c Alexander de Jesús Anaya Campos.
|
| 250 |
|
|
|a Primera edición.
|
| 264 |
|
1 |
|a Santa María, Colombia :
|b Editorial Unimagdalena,
|c 2017.
|
| 300 |
|
|
|a 1 online resource.
|
| 336 |
|
|
|a text
|b txt
|2 rdacontent
|
| 337 |
|
|
|a computer
|b c
|2 rdamedia
|
| 338 |
|
|
|a online resource
|b cr
|2 rdacarrier
|
| 347 |
|
|
|a text file
|2 rdaft
|
| 347 |
|
|
|b PDF
|
| 490 |
1 |
|
|a Colección: Ciencias sociales. Serie: Economía y finanzas
|
| 504 |
|
|
|a Includes bibliographical references.
|
| 588 |
0 |
|
|a Online resource; title from PDF title page (Digitalia, viewed August 11, 2020)
|
| 650 |
|
0 |
|a Microeconomics.
|
| 655 |
|
0 |
|a Electronic books.
|
| 791 |
2 |
|
|a Digitalia (Firm),
|e distributor.
|
| 793 |
0 |
|
|g Digitalia eBook Collection:
|a Ediciones Unimagdalena
|
| 776 |
0 |
8 |
|i Print version:
|a Anaya Campo, Alexander de Jesús.
|t Microeconomía intermedia.
|b Primera edición.
|d Santa Marta, Colombia : Editorial Unimagdalena, 2017
|z 9789587460971
|
| 830 |
|
0 |
|a Colección: Ciencias sociales (Editorial Unimagdalena).
|p Serie: Economía y finanzas.
|
| 856 |
4 |
0 |
|3 Digitalia Hispánica
|u https://www.digitaliapublishing.com/a/52116/
|
| 910 |
|
|
|a Premium collection: 2020
|